000 00407nam a22001697a 4500
005 20231030112008.0
008 160122b xxu||||| |||| 00| 0 eng d
040 _aLoreto College
082 _a242
_bRAY
100 _aRaymond, Rev.M.
_qRev.M.Raymond
245 _aYou
_cRev.M.Raymond
260 _aLondon
_bDublin
300 _a273p.
650 _aDevotional literature
850 _aLCLIB
942 _cBK
999 _c40483
_d90962